00790nam a2200229 a 4500001001000000005001700010008004100027010001400068020002600082035001300108037001500121040001800136082001100154100002000165245004800185260004900233270006000282300002700342520016200369650001000531650001900541ENG-9095520070430071315.0080908t xxu||||| |||| 00| 0 eng d aENG-90953 a9788131304105c495.00 aEN-74486 bDBAD / PUB aDPLbEnglish  a641.37 aMahindru, S.N.  aMilk and milk products /cby S. N. Mahindru aNew Delhi bAPH Publishing Corporationc2009 a4435-36/7, Ansari Road, Darya Ganj, bNew Delhie110002 ax, 194 p. c23 cm (Hb) aCollection of papers on recent advances in the concept of forestry and improvement of the quality of human life through forestry related activities in India. aMilk  aDairy products